Ładuje się......
Project report
| Format: | Printed Book |
|---|
| LEADER | 00339nam a2200097 4500 | ||
|---|---|---|---|
| 082 | |a 004.65 | ||
| 245 | |a Project report |h [Text] | ||
| 300 | |a 1065 | ||
| 942 | |c BK | ||
| 999 | |c 83305 |d 83305 | ||
| 952 | |0 0 |1 0 |4 0 |6 004_650000000000000 |7 0 |9 75551 |a SOCS |b SOCS |d 2015-06-11 |g 150.00 |l 0 |o 004.65 |p SOCS2642 |r 2015-06-11 |w 2015-06-11 |y BK | ||